000 01023nam a22001937a 4500
005 20120618141249.0
020 _a9788126330485
_c105.00
100 _aपाराशर, राजेन्द्र
_949278
245 _aग़ज़ल प्रवेशिका/
_cराजेन्द्र पाराशर
260 _aनई द्ल्ली
_bभारतीय ज्ञानपीठ
_c2011
270 _a18, इन्स्टीट्यूशनल एरिया, लोदी रोड
_bनई दिल्ली
_e110003
300 _a 224 पृ.
_c22 सें.मी. (सजिल्द)
490 _aलोकोदय ग्रन्थमालाःग्रन्थांक 1089
_949279
700 _aशुक्ल, दिनेश कुमार
_949220
700 _aमिश्र, यतीन्द्र
_949266
942 _2ddc
_cHN
_mपाराश
999 _c68055
_d68055